000 00521nam a2200181Ia 4500
008 140807t2012 xxu||||| |||| 00| 0 sin d
041 _asin
080 _a8 S 3 ( Youth )
_bBLY
100 _aBlyton,Enid
245 _aරහස් කන්දේ වික්‍රමය
246 _aRahas Kande Vikramaya : The Secret Mountain
260 _aMalpiyali
_aDankotuwa
_c2012
300 _b152p, 21 cm
700 _aSiriwardhana,Kumara
_etr.
942 _cBK
999 _c42733
_d42733
003 LK-CoDNM
040 _aLK-CoDNM
_dLK-CoDNM
_eLK-CoDNM